[Event "World Rapid Final"]
[Site "Astana KAZ"]
[Date "2012.07.07"]
[Round "9"]
[White "Bologan, Viktor"]
[Black "Radjabov, Teimour"]
[Result "1-0"]
[WhiteTitle "GM"]
[BlackTitle "GM"]
[WhiteElo "2732"]
[BlackElo "2788"]
[WhiteFideId "13900048"]
[BlackFideId "13400924"]
[EventDate "2012.07.01"]

1. d4 Nf6 2. c4 g6 3. g3 Bg7 4. Bg2 O-O 5. Nc3 d6 6. Nf3 Nbd7 7. O-O e5 8. Qc2
Re8 9. Rd1 c6 10. e4 a5 11. b3 exd4 12. Nxd4 Nc5 13. Bf4 Ng4 14. h3 Ne5 15. Be3
Qe7 16. f4 Ned7 17. Re1 Na6 18. a3 Ndc5 19. Bf2 Be6 20. Rad1 Rad8 21. Qb1 Bd7
22. b4 axb4 23. axb4 Ne6 24. Nde2 Qf8 25. Bb6 Rc8 26. e5 d5 27. cxd5 cxd5 28.
Nxd5 Bc6 29. Nec3 Nxb4 30. f5 Nxd5 31. Nxd5 gxf5 32. Qxf5 Qa3 33. Bf2 Rcd8 34.
Rd3 Qa4 35. Be4 Kf8 36. Rf3 Rd7 37. Nb6 Bxe4 38. Rxe4 Qb5 39. Nxd7+ Qxd7 40. Kg2
Kg8 41. Rb4 b5 42. Qd3 Qxd3 43. Rxd3 Bxe5 44. Rxb5 Bf6 45. Rd7 Rd8 46. Rxd8+
Bxd8 47. Kf3 Kg7 48. h4 Bf6 49. Ke4 Be7 50. Kf5 Bf6 51. Rd5 h5 52. Ba7 Bc3 53.
Bb8 Bb4 54. Be5+ Kg8 55. Rb5 Be7 56. Rb8+ Nf8 57. Re8 Bc5 58. Kg5 Kh7 59. Kxh5
Ng6 60. Kg5 Bf2 61. Bd6 1-0

[Event "World Rapid Final"]
[Site "Astana KAZ"]
[Date "2012.07.07"]
[Round "9"]
[White "Dreev, Aleksey"]
[Black "Ivanchuk, Vassily"]
[Result "1-0"]
[WhiteTitle "GM"]
[BlackTitle "GM"]
[WhiteElo "2677"]
[BlackElo "2769"]
[WhiteFideId "4100107"]
[BlackFideId "14100010"]
[EventDate "2012.07.01"]

1. d4 d5 2. Nf3 Nf6 3. c4 dxc4 4. e3 e6 5. Bxc4 c5 6. O-O a6 7. Bd3 Nbd7 8. Qe2
b6 9. Nc3 Bb7 10. a4 Bd6 11. Rd1 O-O 12. dxc5 Nxc5 13. e4 Qc7 14. Bc2 Ng4 15. h3
Ne5 16. Nd4 Rfd8 17. Bg5 Rd7 18. Rac1 Be7 19. Bxe7 Rxe7 20. b4 Ncd7 21. Bb3 Qb8
22. f4 Nc6 23. e5 Nxb4 24. Nxe6 Nxe5 25. fxe5 fxe6 26. Rd6 Kh8 27. Ne4 Bd5 28.
Bxd5 exd5 29. Ng5 h6 30. Ne6 Qe8 31. Nf4 Kg8 32. e6 Rd8 33. Rxb6 a5 34. Qg4 Qxa4
35. Ng6 Ree8 36. Rb7 Qa3 37. Rcc7 Qa1+ 38. Kh2 Qf6 39. Rf7 1-0

[Event "World Rapid Final"]
[Site "Astana KAZ"]
[Date "2012.07.07"]
[Round "9"]
[White "Mamedyarov, Shakhriyar"]
[Black "Karjakin, Sergey"]
[Result "1-0"]
[WhiteTitle "GM"]
[BlackTitle "GM"]
[WhiteElo "2726"]
[BlackElo "2779"]
[WhiteFideId "13401319"]
[BlackFideId "14109603"]
[EventDate "2012.07.01"]

1. Nf3 Nf6 2. c4 b6 3. Nc3 Bb7 4. d4 e6 5. Bf4 Bb4 6. Qb3 a5 7. e3 d6 8. Rd1
Nbd7 9. Be2 Ne4 10. O-O Bxc3 11. bxc3 g5 12. Bg3 h5 13. h4 Rg8 14. c5 dxc5 15.
Bb5 c4 16. Qc2 Qe7 17. Bxc7 Kf8 18. d5 exd5 19. Bxd7 Qxd7 20. Qxe4 Qxc7 21. Qh7
gxh4 22. Nxh4 Qe5 23. Rd4 Re8 24. Qh6+ Rg7 25. Qxb6 Bc8 26. Qc5+ Kg8 27. Qxd5
Bg4 28. Qxe5 Rxe5 29. Rb1 Be6 30. Rb8+ Kh7 31. Rdd8 Rg4 32. Nf3 Rd5 33. Nd4 Rxd8
34. Rxd8 Rg5 35. f4 Rc5 36. e4 Bg4 37. Kf2 Rc7 38. Rb8 Kg7 39. Rb5 a4 40. a3 f6
41. f5 Kf7 42. Ke3 Bd1 43. Ne6 Rd7 44. Rb7 Rxb7 45. Nd8+ Ke7 46. Nxb7 h4 47. Nc5
Kf7 48. Ne6 Bg4 49. Kf4 Be2 50. Nd4 Bf1 51. Kf3 Kg7 52. Ne6+ Kh6 53. Nc5 Kg5 54.
Nxa4 Bd3 55. Nb2 1-0

[Event "World Rapid Final"]
[Site "Astana KAZ"]
[Date "2012.07.07"]
[Round "10"]
[White "Carlsen, Magnus"]
[Black "Karjakin, Sergey"]
[Result "1-0"]
[WhiteTitle "GM"]
[BlackTitle "GM"]
[WhiteElo "2837"]
[BlackElo "2779"]
[WhiteFideId "1503014"]
[BlackFideId "14109603"]
[EventDate "2012.07.01"]

1. e4 e5 2. Nf3 Nc6 3. Bb5 Nf6 4. d4 exd4 5. O-O a6 6. Bxc6 dxc6 7. Nxd4 Bc5 8.
c3 O-O 9. f3 Nd7 10. Be3 Ne5 11. Qe2 Qe7 12. Nd2 f6 13. Kh1 Bd6 14. Rae1 c5 15.
Nf5 Bxf5 16. exf5 Qd7 17. f4 Nf7 18. g4 Rfe8 19. Qf3 Bf8 20. Ne4 Qd3 21. Nf2 Qb5
22. g5 Qxb2 23. gxf6 Qxc3 24. fxg7 Bxg7 25. Rg1 Kh8 26. Qxb7 Nd6 27. Qd5 Nxf5
28. Bxc5 Rad8 29. Rxe8+ Rxe8 30. Nd3 Qf6 31. Rg5 Rd8 32. Qxf5 Qxf5 33. Rxf5 Rxd3
34. Rf7 Rd1+ 35. Kg2 Rd2+ 36. Kf3 Rxa2 37. Rxc7 Kg8 38. h4 Rc2 39. Rc8+ Kf7 40.
Ke4 Rc4+ 41. Kf5 Bd4 42. Rf8+ Kg7 43. Bd6 Rc6 44. Rd8 Bc5 45. Be5+ Kf7 46. Rd7+
Be7 47. h5 Ke8 48. Ra7 Rh6 49. Bg7 Rc6 50. h6 Kf7 51. Ke4 Ke8 52. Ra8+ Kf7 53.
Rh8 Rc4+ 54. Kf5 Rc5+ 55. Be5 Bf8 56. Rxh7+ Kg8 57. Rh8+ Kf7 58. Rxf8+ 1-0

[Event "World Rapid Final"]
[Site "Astana KAZ"]
[Date "2012.07.07"]
[Round "10"]
[White "Ivanchuk, Vassily"]
[Black "Mamedyarov, Shakhriyar"]
[Result "0-1"]
[WhiteTitle "GM"]
[BlackTitle "GM"]
[WhiteElo "2769"]
[BlackElo "2726"]
[WhiteFideId "14100010"]
[BlackFideId "13401319"]
[EventDate "2012.07.01"]

1. e4 e5 2. Nf3 d6 3. d4 exd4 4. Nxd4 Nf6 5. Nc3 Be7 6. Bc4 O-O 7. Bb3 Nbd7 8.
O-O Nc5 9. Re1 c6 10. Bf4 Re8 11. Qd2 Bf8 12. f3 h6 13. Bc4 Bd7 14. a4 a5 15. b3
Qc7 16. Rad1 Rad8 17. Kh1 Bc8 18. h3 Qe7 19. Bh2 Qc7 20. Qf2 Qb6 21. Bf4 d5 22.
exd5 Rxe1+ 23. Rxe1 cxd5 24. Ndb5 Nxa4 25. Qxb6 Nxb6 26. Bd3 Na8 27. Be5 Be6 28.
Ne2 Nd7 29. Nf4 Nxe5 30. Rxe5 Bd7 31. Nxd5 Bxb5 32. Bxb5 Nc7 33. Nxc7 Rd1+ 34.
Kh2 Bd6 35. f4 Bxc7 36. Re8+ Kh7 37. Bd3+ g6 38. Kg3 Kg7 39. Re7 Bd6 40. Rd7 Bb4
41. Rxb7 Re1 42. Kf3 Bc5 43. g3 Re3+ 44. Kg2 Bb4 45. Bc4 Re7 46. Rb5 h5 47. Kf3
Bd2 48. Rd5 Bb4 49. g4 hxg4+ 50. hxg4 Rc7 51. Bd3 Re7 52. g5 Rc7 53. Kg4 Re7 54.
Bc4 Rc7 55. Rb5 Re7 56. Rb6 Rc7 57. Ra6 Re7 58. Bd5 Be1 59. Kf3 Bd2 60. Be4 Bb4
61. Rc6 Re6 62. Rc4 f6 63. Rc7+ Kf8 64. Bxg6 fxg5 65. Rf7+ Kg8 66. f5 Re7 67.
Rf6 Rc7 68. c4 Kg7 69. Ra6 Bc3 70. Bh5 Rb7 71. Ke4 Rxb3 72. Ra7+ Kh6 73. Bg6 g4
74. Kf4 Bg7 75. Rxa5 g3 76. Ra2 Bf6 77. Rc2 Bd8 78. c5 Bc7+ 79. Kg4 Rb4+ 80. Kf3
Rf4+ 81. Kg2 Rh4 82. Rc1 Rh2+ 83. Kf3 Rf2+ 84. Kg4 g2 85. c6 Rf1 0-1

[Event "World Rapid Final"]
[Site "Astana KAZ"]
[Date "2012.07.07"]
[Round "10"]
[White "Svidler, Peter"]
[Black "Morozevich, Alexander"]
[Result "0-1"]
[WhiteTitle "GM"]
[BlackTitle "GM"]
[WhiteElo "2749"]
[BlackElo "2770"]
[WhiteFideId "4102142"]
[BlackFideId "4116992"]
[EventDate "2012.07.01"]

1. c4 c6 2. d4 d5 3. Nf3 Nf6 4. Nc3 a6 5. e3 b5 6. b3 Bg4 7. Bd2 Nbd7 8. h3 Bxf3
9. Qxf3 b4 10. Na4 e5 11. Qd1 Bd6 12. Bd3 O-O 13. O-O a5 14. cxd5 cxd5 15. Rc1
Re8 16. Rc6 Qe7 17. Qc2 Rad8 18. Ra6 Rc8 19. Qb1 Ra8 20. Rxa8 Rxa8 21. Rc1 Re8
22. Rc6 Nf8 23. Qc2 exd4 24. exd4 Ne6 25. Be3 g6 26. Nc5 Nxc5 27. dxc5 Bb8 28.
Qb2 Ne4 29. Qd4 Nc3 30. Rb6 Be5 31. Qg4 d4 32. Bh6 Bc7 33. g3 Bxb6 34. Qxd4 f6
35. cxb6 Rd8 36. Bc4+ Kh8 37. Qf4 g5 38. Qf5 Ne4 39. Qxa5 Nxg3 40. Qa7 Qe1+ 41.
Kg2 Nf5 42. b7 Qe4+ 43. Kg1 Qe1+ 44. Bf1 Qe5 45. f4 gxf4 0-1

[Event "World Rapid Final"]
[Site "Astana KAZ"]
[Date "2012.07.07"]
[Round "10"]
[White "Gelfand, Boris"]
[Black "Grischuk, Alexander"]
[Result "1/2-1/2"]
[WhiteTitle "GM"]
[BlackTitle "GM"]
[WhiteElo "2738"]
[BlackElo "2763"]
[WhiteFideId "2805677"]
[BlackFideId "4126025"]
[EventDate "2012.07.01"]

1. d4 Nf6 2. c4 e6 3. Nc3 Bb4 4. e3 O-O 5. Bd3 c5 6. Nf3 Nc6 7. O-O Bxc3 8. bxc3
d6 9. e4 e5 10. d5 Ne7 11. Nh4 Kh8 12. g3 Bh3 13. Re1 Nfg8 14. f4 exf4 15. Bxf4
Qd7 16. Qc2 Ng6 17. Nxg6+ fxg6 18. e5 dxe5 19. Rxe5 Rxf4 20. gxf4 Qg4+ 21. Kh1
Qf3+ 22. Kg1 Qg4+ 23. Kh1 Qf3+ 24. Kg1 Qg4+ 1/2-1/2

[Event "World Rapid Final"]
[Site "Astana KAZ"]
[Date "2012.07.07"]
[Round "10"]
[White "Tkachiev, Vladislav"]
[Black "Ismagambetov, Anuar"]
[Result "0-1"]
[WhiteTitle "GM"]
[BlackTitle "GM"]
[WhiteElo "2644"]
[BlackElo "2471"]
[WhiteFideId "618438"]
[BlackFideId "13701525"]
[EventDate "2012.07.01"]

1. Nf3 Nf6 2. c4 e6 3. g3 d5 4. Bg2 dxc4 5. Qc2 Nbd7 6. Qxc4 a6 7. Qc2 c5 8. d4
b5 9. Ne5 Nd5 10. Nc3 Nxe5 11. Nxd5 exd5 12. dxe5 Bb7 13. O-O Qb6 14. Rd1 Qe6
15. Be3 Rc8 16. a4 Be7 17. axb5 axb5 18. Ra7 Qb6 19. Rda1 O-O 20. b4 Ra8 21.
Bxc5 Bxc5 22. Qxc5 Qxc5 23. bxc5 Rfd8 24. Bh3 Kf8 25. R1a5 Bc6 26. R5a6 Rxa7 27.
Rxa7 Ra8 28. Rc7 Be8 29. e6 fxe6 30. Bxe6 d4 31. f3 Ra3 32. Bf5 h6 33. Kf2 Rc3
34. Be4 b4 35. Rb7 b3 36. Rb4 Ke7 37. Rb7+ Ke6 38. h4 Ba4 39. Rb4 Be8 40. g4 Ke5
41. h5 Bf7 42. c6 Be8 43. Rb5+ Ke6 44. Rb7 Bxc6 45. Rb6 Kd6 46. Bxc6 Kc7 47. Rb4
Kxc6 48. Rxd4 Kc5 49. Rd1 b2 50. Rb1 Rc2 51. f4 Kc4 52. g5 Kb3 53. gxh6 gxh6 54.
Ke3 Rc1 55. Rxb2+ Kxb2 56. Kd4 Rf1 57. Ke5 Kc3 58. e4 Kd3 59. f5 Ke3 60. f6 Rf4
61. Ke6 Kxe4 62. f7 Kf3 63. Ke7 Kg4 0-1

[Event "World Rapid Final"]
[Site "Astana KAZ"]
[Date "2012.07.08"]
[Round "11"]
[White "Ismagambetov, Anuar"]
[Black "Carlsen, Magnus"]
[Result "0-1"]
[WhiteTitle "GM"]
[BlackTitle "GM"]
[WhiteElo "2471"]
[BlackElo "2837"]
[WhiteFideId "13701525"]
[BlackFideId "1503014"]
[EventDate "2012.07.01"]

1. e4 e5 2. Nf3 Nc6 3. Bb5 a6 4. Ba4 Nf6 5. O-O Be7 6. Re1 b5 7. Bb3 d6 8. c3
O-O 9. d4 Bg4 10. d5 Na5 11. Bc2 c6 12. h3 Bc8 13. dxc6 Qc7 14. Nbd2 Qxc6 15.
Nf1 Nc4 16. Ng3 Re8 17. b3 Nb6 18. Be3 Nbd7 19. Bd2 Nc5 20. Rc1 Be6 21. Qe2 a5
22. Ng5 Bd7 23. c4 b4 24. Rcd1 Qb6 25. Be3 a4 26. Rd2 axb3 27. axb3 Ra3 28. Qd1
h6 29. Nf3 Qc6 30. Qb1 Bf8 31. Nh4 g6 32. Nf3 Rea8 33. Kh2 Be6 34. Red1 R8a6 35.
Re1 Kh7 36. Qd1 Ra2 37. Bb1 Ra1 38. Qc2 R1a3 39. Bxc5 Qxc5 40. Nf1 Nd7 41. Ne3
Qa5 42. Qd1 Nc5 43. Bc2 Ra1 44. Qe2 Qa2 45. Rxa1 Qxa1 46. Nd5 Bxd5 47. exd5 Qc3
48. Nh4 e4 49. g3 Ra2 50. Kg2 Nxb3 51. Nxg6 Qf3+ 0-1

[Event "World Rapid Final"]
[Site "Astana KAZ"]
[Date "2012.07.08"]
[Round "11"]
[White "Grischuk, Alexander"]
[Black "Tkachiev, Vladislav"]
[Result "1-0"]
[WhiteTitle "GM"]
[BlackTitle "GM"]
[WhiteElo "2763"]
[BlackElo "2644"]
[WhiteFideId "4126025"]
[BlackFideId "618438"]
[EventDate "2012.07.01"]

1. d4 d5 2. c4 c6 3. Nf3 Nf6 4. Nc3 dxc4 5. a4 e6 6. e4 Bb4 7. Bxc4 Nxe4 8. O-O
Nf6 9. Qe2 O-O 10. Rd1 b5 11. axb5 cxb5 12. Bxb5 Bb7 13. Bg5 Be7 14. Ne5 Nd5 15.
Bxe7 Qxe7 16. Nxd5 Bxd5 17. Ra3 a6 18. Bd3 h6 19. Be4 Bxe4 20. Qxe4 Ra7 21. Rg3
Rc8 22. h4 Rac7 23. Qg4 Qf6 24. Rf3 Qd8 25. Rg3 Qf6 26. Rf3 Qd8 27. Rdd3 Nc6 28.
Rg3 Qf8 29. Qh5 Kh8 30. Nxc6 Rxc6 31. Rdf3 R8c7 32. Rf4 Rd7 33. Qe5 Rd5 34. Qe3
Rd7 35. Kh2 Rcd6 36. Qe5 Rd5 37. Qxe6 Rxd4 38. Qe5 Rxf4 39. Qxf4 Qd8 40. Qg4 f5
41. Qh5 Rd4 42. Qxf5 Rxh4+ 43. Rh3 Qb8+ 44. Kg1 Rb4 45. Rc3 1-0

[Event "World Rapid Final"]
[Site "Astana KAZ"]
[Date "2012.07.08"]
[Round "11"]
[White "Topalov, Veselin"]
[Black "Gelfand, Boris"]
[Result "1/2-1/2"]
[WhiteTitle "GM"]
[BlackTitle "GM"]
[WhiteElo "2752"]
[BlackElo "2738"]
[WhiteFideId "2900084"]
[BlackFideId "2805677"]
[EventDate "2012.07.01"]

1. e4 c5 2. Nf3 Nc6 3. Bb5 d6 4. O-O Bd7 5. Re1 Nf6 6. c3 a6 7. Bxc6 Bxc6 8. d4
cxd4 9. cxd4 Bxe4 10. Nc3 Bxf3 11. Qxf3 e6 12. Qxb7 Qc8 13. Qf3 Be7 14. Qg3 O-O
15. Bh6 Ne8 16. h4 Qb7 17. b3 Kh8 18. Bf4 Rd8 19. Ne4 Nf6 20. Nxf6 gxf6 21. Qf3
Qxf3 22. gxf3 f5 23. Rac1 Bxh4 24. Rc6 a5 25. Bxd6 Rg8+ 26. Kf1 Bf6 27. d5 Rge8
28. dxe6 Rxe6 29. Rxe6 fxe6 30. a3 Rd7 31. b4 axb4 32. axb4 Rb7 33. Rc7 Rb5 34.
f4 h5 35. Kg2 Kg8 36. Kg3 Rd5 37. Bc5 Rd3+ 38. Kg2 Rb3 39. Rb7 e5 40. fxe5 Bxe5
41. Re7 Bf4 42. Be3 Rxb4 43. Bxf4 Rxf4 44. Kg3 Rg4+ 45. Kh3 Rf4 46. Kg3 Rg4+ 47.
Kh3 1/2-1/2

[Event "World Rapid Final"]
[Site "Astana KAZ"]
[Date "2012.07.08"]
[Round "11"]
[White "Morozevich, Alexander"]
[Black "Kurnosov, Igor"]
[Result "1-0"]
[WhiteTitle "GM"]
[BlackTitle "GM"]
[WhiteElo "2770"]
[BlackElo "2663"]
[WhiteFideId "4116992"]
[BlackFideId "4142527"]
[EventDate "2012.07.01"]

1. d4 Nf6 2. c4 g6 3. Nc3 d5 4. Nf3 Bg7 5. Qb3 dxc4 6. Qxc4 O-O 7. Bf4 c6 8. e4
b5 9. Qd3 Ba6 10. Qc2 Qa5 11. Bd2 b4 12. Nd1 Bxf1 13. Rxf1 c5 14. d5 Nbd7 15.
Ne3 Nb6 16. Ne5 Qb5 17. N5c4 Ng4 18. Rc1 Nxc4 19. Nxc4 f5 20. h3 Nf6 21. exf5
Nxd5 22. fxg6 hxg6 23. Qxg6 Rf6 24. Qe4 Rd8 25. f4 Nb6 26. Ne5 Rd4 27. Qe2 Qxe2+
28. Kxe2 Re6 29. Rxc5 Nd7 30. Be3 Re4 31. Rc6 Rxc6 32. Nxc6 Rc4 33. Nxe7+ Kf7
34. Nf5 Rc2+ 35. Kf3 Bxb2 36. Bxa7 Rc3+ 37. Be3 Nf6 38. Rb1 Ba3 39. Rd1 Ke6 40.
g4 Nd5 41. h4 Bb2 42. h5 Ra3 43. h6 Bh8 44. Rd2 Nc3 45. Rd6+ Kf7 46. g5 1-0

[Event "World Rapid Final"]
[Site "Astana KAZ"]
[Date "2012.07.08"]
[Round "11"]
[White "Bologan, Viktor"]
[Black "Svidler, Peter"]
[Result "1/2-1/2"]
[WhiteTitle "GM"]
[BlackTitle "GM"]
[WhiteElo "2732"]
[BlackElo "2749"]
[WhiteFideId "13900048"]
[BlackFideId "4102142"]
[EventDate "2012.07.01"]

1. d4 Nf6 2. c4 g6 3. g3 c5 4. Nf3 cxd4 5. Nxd4 Bg7 6. Bg2 O-O 7. O-O d5 8. cxd5
Nxd5 9. Nc3 Nxc3 10. bxc3 Qc7 11. Qb3 Nc6 12. Nxc6 bxc6 13. Bf4 Qa5 14. Bxc6 Be6
15. Qb4 Qxb4 16. cxb4 Bxa1 17. Bxa8 Bc3 18. Bc6 Bxb4 19. a4 Rc8 20. Bb5 a5 21.
Rc1 Rxc1+ 22. Bxc1 1/2-1/2

[Event "World Rapid Final"]
[Site "Astana KAZ"]
[Date "2012.07.08"]
[Round "11"]
[White "Dreev, Aleksey"]
[Black "Kazhgaleyev, Murtas"]
[Result "0-1"]
[WhiteTitle "GM"]
[BlackTitle "GM"]
[WhiteElo "2677"]
[BlackElo "2589"]
[WhiteFideId "4100107"]
[BlackFideId "13700316"]
[EventDate "2012.07.01"]

1. d4 d6 2. e4 e5 3. Nf3 exd4 4. Nxd4 Nf6 5. Nc3 Be7 6. Nde2 O-O 7. g3 Nc6 8.
Bg2 Re8 9. O-O Ne5 10. h3 c6 11. f4 Ng6 12. a4 Bf8 13. Be3 Bd7 14. Qd2 h6 15.
Rad1 a6 16. Bd4 b5 17. axb5 axb5 18. b4 Ra3 19. Kh2 Bc8 20. Qc1 Ra6 21. Rd3 Nd7
22. Bf2 Nb6 23. Nd4 Qc7 24. Nb3 Nc4 25. Nd2 Nb6 26. Nb3 Nc4 27. Nd2 Nb6 28. Qd1
Bd7 29. Qh5 Be7 30. e5 d5 31. e6 Bxe6 32. f5 Bxf5 33. Qxf5 Bxb4 34. Nf3 Nc4 35.
Nd1 Nd6 36. Qg4 Ne4 37. Nd2 Bc5 38. Nf3 Bxf2 39. Nxf2 h5 40. Qxh5 Nxg3 41. Qg4
Nxf1+ 42. Kg1 Ne3 0-1

[Event "World Rapid Final"]
[Site "Astana KAZ"]
[Date "2012.07.08"]
[Round "11"]
[White "Mamedyarov, Shakhriyar"]
[Black "Radjabov, Teimour"]
[Result "1/2-1/2"]
[WhiteTitle "GM"]
[BlackTitle "GM"]
[WhiteElo "2726"]
[BlackElo "2788"]
[WhiteFideId "13401319"]
[BlackFideId "13400924"]
[EventDate "2012.07.01"]

1. d4 Nf6 2. Nf3 g6 3. c4 Bg7 4. g3 O-O 5. Bg2 c6 6. O-O d5 7. cxd5 cxd5 8. Ne5
Ng4 9. Nxg4 Bxg4 10. Nc3 Nc6 11. h3 Bd7 12. Nxd5 e6 13. Nc3 Nxd4 14. Bxb7 Rb8
15. Bg2 Qc8 16. Qd3 Bc6 17. Rb1 Rd8 18. Qc4 Bxg2 19. Qxc8 Rdxc8 20. Kxg2 Rxc3
21. bxc3 Rxb1 22. cxd4 Bxd4 23. Bh6 Rxf1 24. Kxf1 f6 25. Bd2 e5 26. e4 Kf7 27.
Ke2 Ke6 1/2-1/2

[Event "World Rapid Final"]
[Site "Astana KAZ"]
[Date "2012.07.08"]
[Round "11"]
[White "Karjakin, Sergey"]
[Black "Ivanchuk, Vassily"]
[Result "1-0"]
[WhiteTitle "GM"]
[BlackTitle "GM"]
[WhiteElo "2779"]
[BlackElo "2769"]
[WhiteFideId "14109603"]
[BlackFideId "14100010"]
[EventDate "2012.07.01"]

1. e4 e5 2. Nf3 Nc6 3. Bb5 d6 4. O-O Bd7 5. c3 a6 6. Ba4 g6 7. d4 Bg7 8. Re1 Nf6
9. d5 Ne7 10. c4 O-O 11. Nc3 Bg4 12. h3 Bc8 13. b4 Nh5 14. Bd2 a5 15. a3 Kh8 16.
c5 f5 17. exf5 Nxf5 18. Ne4 axb4 19. axb4 Nf4 20. Bxf4 exf4 21. Rc1 Nh4 22. Neg5
Nxf3+ 23. Nxf3 Bf5 24. Bc2 Bd7 25. Be4 Ba4 26. Qd3 Qf6 27. h4 Bd7 28. Ng5 Rae8
29. c6 bxc6 30. dxc6 Bc8 31. b5 h6 32. Nf3 g5 33. hxg5 hxg5 34. Qd5 g4 35. Qh5+
Bh6 36. Nh4 Kg7 37. Bd3 Rxe1+ 38. Rxe1 g3 39. Nf3 Rh8 40. Qd5 Bg4 41. Qe4 Bxf3
42. Qxf3 Bg5 43. Rb1 Qd4 44. Rf1 Kf6 45. Qe4 Qxe4 46. Bxe4 Ke5 47. Bf3 Rb8 48.
Rb1 Rb6 49. Be2 d5 50. Ra1 Rb8 51. Ra3 Be7 52. Rc3 Bb4 53. Rc1 Kd6 54. fxg3 Bc5+
55. Kf1 Rh8 56. Ke1 Rh1+ 57. Bf1 fxg3 58. Ke2 Bf2 59. Kf3 Rh8 60. Bd3 Re8 61.
Kg4 Re3 62. Bf1 Rb3 63. Kf5 Rb4 64. Rc3 Re4 65. Rc1 Be3 66. Rd1 Rf4+ 67. Kg6 Kc5
68. Kh5 Rf2 69. Kg4 Bf4 70. Rb1 Kb6 71. Rd1 Bd6 72. Rb1 Kc5 73. Rd1 d4 74. Rc1+
Kb4 75. Rd1 1-0

[Event "World Rapid Final"]
[Site "Astana KAZ"]
[Date "2012.07.08"]
[Round "12"]
[White "Radjabov, Teimour"]
[Black "Karjakin, Sergey"]
[Result "0-1"]
[WhiteTitle "GM"]
[BlackTitle "GM"]
[WhiteElo "2788"]
[BlackElo "2779"]
[WhiteFideId "13400924"]
[BlackFideId "14109603"]
[EventDate "2012.07.01"]

1. e4 e5 2. Nf3 Nc6 3. d4 exd4 4. Bc4 Bc5 5. c3 Nf6 6. cxd4 Bb4+ 7. Bd2 Bxd2+ 8.
Nbxd2 d5 9. exd5 Nxd5 10. O-O O-O 11. Rc1 Nb6 12. Bb3 a5 13. Nc4 Bg4 14. Nxb6
cxb6 15. Bc4 Qf6 16. Bd5 Rad8 17. Bxc6 bxc6 18. h3 Bxf3 19. Qxf3 Qxd4 20. Qxc6
Qxb2 21. a4 Qd4 22. Rc4 Rd6 23. Qc7 Qf6 24. Re1 g6 25. g3 Re6 26. Rd1 Qf3 27.
Rf1 Qd5 28. Rf4 Qc6 29. Qxc6 Rxc6 30. Rd1 Rc7 31. Rd6 Rb8 32. Kg2 Kg7 33. Rff6
b5 34. axb5 Rxb5 35. Ra6 Rbb7 36. Rf3 Ra7 37. Rb6 Rcb7 38. Rc6 a4 39. Ra3 Rb4
40. h4 h5 41. f4 Rb2+ 42. Kf3 Rab7 43. Rcc3 R2b3 44. Ke4 Rxc3 45. Rxc3 Ra7 46.
Ra3 Kf6 47. Kd5 Kf5 48. Kc6 Kg4 49. Kb6 Ra8 50. Kb7 Rd8 51. Kc6 Rd4 52. Kc5 Re4
53. Kd5 f5 54. Rc3 Re1 55. Ra3 Kh3 56. Rxa4 Kxg3 57. Ra6 Kxh4 58. Rxg6 Re4 59.
Rg8 Rxf4 60. Ke5 Rf1 61. Rf8 Kh3 62. Kd4 Rf3 63. Rg8 h4 64. Rg7 Kh2 0-1

[Event "World Rapid Final"]
[Site "Astana KAZ"]
[Date "2012.07.08"]
[Round "12"]
[White "Kazhgaleyev, Murtas"]
[Black "Mamedyarov, Shakhriyar"]
[Result "0-1"]
[WhiteTitle "GM"]
[BlackTitle "GM"]
[WhiteElo "2589"]
[BlackElo "2726"]
[WhiteFideId "13700316"]
[BlackFideId "13401319"]
[EventDate "2012.07.01"]

1. d4 f5 2. c4 Nf6 3. Nc3 g6 4. Bg5 Bg7 5. e3 d6 6. Bd3 Nbd7 7. Nge2 e5 8. f3 c6
9. O-O Qe7 10. b4 O-O 11. b5 h6 12. Bh4 g5 13. Bf2 e4 14. fxe4 fxe4 15. Bc2 Nb6
16. c5 dxc5 17. dxc5 Qxc5 18. Rc1 Qe7 19. Ng3 cxb5 20. Bb3+ Kh7 21. Nxb5 Bd7 22.
Rc7 Qe5 23. Nd6 Rad8 24. Ngf5 Bxf5 25. Bg3 Qa5 26. Rxf5 Qb4 27. Rxb7 Qc3 28. Qe2
Qc6 29. h4 gxh4 30. Be5 Rxd6 31. Rxg7+ Kxg7 32. Qg4+ Kh7 33. Qf4 Nbd5 34. Bxd5
Rxd5 35. Bxf6 Qe6 36. Rxd5 Qxd5 37. Qxh4 Qd1+ 38. Kf2 Qd2+ 39. Kg1 Qd1+ 40. Kf2
Qd2+ 41. Kg1 Qxe3+ 42. Kh2 Rf7 43. Be5 Qd3 44. Qg4 Qd5 45. Qg3 e3 46. Bc3 Qg5
47. Qh3 Qf4+ 48. Kh1 Rf5 49. Be1 Kg6 50. Bg3 Qf1+ 51. Kh2 Rh5 52. Bh4 Qf4+ 53.
g3 Rxh4 0-1

[Event "World Rapid Final"]
[Site "Astana KAZ"]
[Date "2012.07.08"]
[Round "12"]
[White "Svidler, Peter"]
[Black "Dreev, Aleksey"]
[Result "1-0"]
[WhiteTitle "GM"]
[BlackTitle "GM"]
[WhiteElo "2749"]
[BlackElo "2677"]
[WhiteFideId "4102142"]
[BlackFideId "4100107"]
[EventDate "2012.07.01"]

1. e4 c6 2. d4 d5 3. e5 Bf5 4. Nf3 e6 5. Be2 Ne7 6. Nbd2 h6 7. O-O Bg6 8. Nb3
Nd7 9. Bd2 Nc8 10. c4 dxc4 11. Na5 Rb8 12. Nxc4 Ncb6 13. Ba5 Be7 14. Qb3 O-O 15.
Rac1 Qc7 16. Nfd2 Rbc8 17. f4 c5 18. Ne3 Qb8 19. d5 c4 20. Ndxc4 Nxd5 21. Nxd5
exd5 22. Ne3 b6 23. Bb4 Nc5 24. Qxd5 Be4 25. Qd2 Rfd8 26. Qe1 Qb7 27. Qg3 Bd3
28. Bf3 Ne4 29. Bxe7 Qxe7 30. Nf5 Nxg3 31. Nxe7+ Kf8 32. Nxc8 Nxf1 33. Nd6 Nd2
34. Bd5 Bg6 35. Kf2 b5 36. b3 b4 37. Rc7 f6 38. Rxa7 fxe5 39. fxe5 Nb1 40. Ke3
Nc3 41. Bc4 Nd1+ 42. Kd4 Nf2 43. Kc5 1-0

[Event "World Rapid Final"]
[Site "Astana KAZ"]
[Date "2012.07.08"]
[Round "12"]
[White "Kurnosov, Igor"]
[Black "Bologan, Viktor"]
[Result "0-1"]
[WhiteTitle "GM"]
[BlackTitle "GM"]
[WhiteElo "2663"]
[BlackElo "2732"]
[WhiteFideId "4142527"]
[BlackFideId "13900048"]
[EventDate "2012.07.01"]

1. e4 g6 2. d4 Bg7 3. Nc3 c6 4. f4 d5 5. e5 Nh6 6. Nf3 O-O 7. Be2 Bg4 8. O-O f6
9. Be3 Nf5 10. Bf2 e6 11. h3 Bxf3 12. Bxf3 fxe5 13. fxe5 c5 14. dxc5 Nc6 15. Bg4
Bxe5 16. Qd3 Qg5 17. Rae1 h5 18. Bd1 Kh7 19. Ne2 Rf6 20. c3 Raf8 21. Bc2 Bc7 22.
Nd4 Ne5 23. Rxe5 Bxe5 24. Nf3 Qf4 25. Qb5 Ne3 26. Bxe3 Qxe3+ 27. Kh1 Rxf3 28.
Qd7+ R8f7 29. Bxg6+ Kxg6 30. Qxe6+ Bf6 0-1